Housing and neighbourhoods monitor 2011 (Record no. 112435)
[ view plain ]
| 000 -LEADER | |
|---|---|
| fixed length control field | 00831cad a22002655a 4500 |
| 001 - CONTROL NUMBER | |
| control field | L153255 |
| 008 - FIXED-LENGTH DATA ELEMENTS--GENERAL INFORMATION | |
| fixed length control field | 110630s2011 xxk f 000 0 eng d |
| 035 ## - SYSTEM CONTROL NUMBER | |
| System control number | (Sirsi) u153255 |
| 041 0# - LANGUAGE CODE | |
| Language code of text/sound track or separate title | eng |
| 050 04 - LIBRARY OF CONGRESS CALL NUMBER | |
| Classification number | 306.1 $2 18 |
| 100 1# - MAIN ENTRY--PERSONAL NAME | |
| Personal name | Wong, Cecilia |
| 245 00 - TITLE STATEMENT | |
| Title | Housing and neighbourhoods monitor 2011 |
| Remainder of title | Fragility and recovery[electronic resource] |
| 260 ## - PUBLICATION, DISTRIBUTION, ETC. | |
| Place of publication, distribution, etc. | York |
| Name of publisher, distributor, etc. | Joseph Rowntree Foundation |
| Date of publication, distribution, etc. | 2011 |
| 590 ## - LOCAL NOTE (RLIN) | |
| Local note | KA |
| 651 #4 - SUBJECT ADDED ENTRY--GEOGRAPHIC NAME | |
| Geographic name | ENGLAND AND WALES |
| 700 1# - ADDED ENTRY--PERSONAL NAME | |
| Personal name | Gibb, Kenneth |
| 700 1# - ADDED ENTRY--PERSONAL NAME | |
| Personal name | McGreal, Stanley |
| 700 1# - ADDED ENTRY--PERSONAL NAME | |
| Personal name | Webb, C. |
| 700 1# - ADDED ENTRY--PERSONAL NAME | |
| Personal name | Leishman, Chris |
| 700 1# - ADDED ENTRY--PERSONAL NAME | |
| Personal name | Blair, Neale |
| 700 1# - ADDED ENTRY--PERSONAL NAME | |
| Personal name | Hincks, Stephen |
| 700 1# - ADDED ENTRY--PERSONAL NAME | |
| Personal name | MacIntyre, Sean |
| 856 40 - ELECTRONIC LOCATION AND ACCESS | |
| Uniform Resource Identifier | <a href="https://www.jrf.org.uk/sites/files/jrf/housing-neighbourhoods-economic-trends-full.pdf">https://www.jrf.org.uk/sites/files/jrf/housing-neighbourhoods-economic-trends-full.pdf</a> |
| Public note | View the item free of charge at www.jrf.org.uk |
| 942 ## - ADDED ENTRY ELEMENTS (KOHA) | |
| Suppress in OPAC | 0 |
| Withdrawn status | Lost status | Source of classification or shelving scheme | Damaged status | Not for loan | Home library | Current library | Shelving location | Date acquired | Total Checkouts | Full call number | Barcode | Date last seen | Copy number | Price effective from | Koha item type |
|---|---|---|---|---|---|---|---|---|---|---|---|---|---|---|---|
| Dewey Decimal Classification | Virtual | Virtual | Online | 30/06/2011 | ONLINE PUBLICATION | 153255-2001 | 06/08/2019 | 1 | 06/08/2019 | Book |